[Event "Titled Tue 24th Jun Late"]
[Site "chess.com INT"]
[Date "2025.06.24"]
[Round "6"]
[White "Rosen, Eric"]
[Black "Martinez Alcantara, Jose Eduardo"]
[Result "0-1"]
[WhiteTitle "IM"]
[BlackTitle "GM"]
[WhiteElo "2377"]
[BlackElo "2611"]
[WhiteFideId "2032562"]
[BlackFideId "3805662"]
[EventDate "2025.06.24"]

1. d4 d6 2. e4 Nf6 3. Nc3 c6 4. a4 Qc7 5. Nge2 g6 6. g3 Bg7 7. Bg2 O-O 8. h3 e5
9. Be3 Re8 10. O-O exd4 11. Bxd4 Nbd7 12. g4 b6 13. Ng3 h6 14. Qd2 Nc5 15. Rad1
Ba6 16. Rfe1 Ne6 17. Be3 Rad8 18. Bxh6 Qe7 19. Bxg7 Kxg7 20. f4 Kg8 21. Qf2 Nd7
22. g5 Ng7 23. h4 Nc5 24. b4 Nd7 25. b5 Bb7 26. bxc6 Bxc6 27. Nd5 Bxd5 28. exd5
Qf8 29. Ne4 f5 30. Ng3 Rc8 31. Rxe8 Qxe8 32. Bf1 Rc3 33. Bd3 Nc5 34. Re1 Qxa4
35. h5 Nxd3 36. cxd3 gxh5 37. Qb2 Qd4+ 38. Qf2 Qxd3 39. Nf1 Rc4 40. Re7 Qxd5 41.
Rxa7 Qd4 42. Qxd4 Rxd4 43. g6 Re4 44. Ng3 Re6 45. Ra8+ Re8 46. Rxe8+ Nxe8 47.
Nxf5 b5 48. Kf2 b4 49. Ke3 d5 50. Kd4 Ng7 51. Nh6+ Kf8 52. f5 Ne8 53. Kxd5 h4
54. Ng4 b3 55. f6 Nxf6+ 56. Nxf6 b2 57. Ke6 Kg7 58. Nh5+ Kxg6 59. Nf4+ Kh6 60.
Nd5 b1=Q 61. Nc7 Qg6+ 62. Kd7 h3 63. Kc8 h2 64. Kb8 h1=N 65. Kb7 Nf2 66. Kb8 Ne4
67. Kb7 Nc3 68. Kc8 Nd5 69. Nb5 Qc6+ 70. Nc7 0-1

[Event "Titled Tue 24th Jun Late"]
[Site "chess.com INT"]
[Date "2025.06.24"]
[Round "6"]
[White "Volkov, Maksim"]
[Black "Pakleza, Zbigniew"]
[Result "0-1"]
[WhiteTitle "FM"]
[BlackTitle "GM"]
[WhiteElo "2333"]
[BlackElo "2484"]
[WhiteFideId "54123070"]
[BlackFideId "1119290"]
[EventDate "2025.06.24"]

1. e4 d6 2. d4 Nf6 3. Nc3 c6 4. g3 b5 5. Bg2 e5 6. dxe5 dxe5 7. Qxd8+ Kxd8 8. f4
Nbd7 9. Nf3 Bc5 10. fxe5 Ng4 11. Bg5+ Kc7 12. Bf4 Kb6 13. h3 Ne3 14. Bxe3 Bxe3
15. a4 b4 16. a5+ Kc7 17. Nd1 Bc5 18. Nf2 b3 19. Nd3 bxc2 20. Rc1 Ba6 21. Nxc5
Nxc5 22. Rxc2 Nd3+ 23. Kd2 Rhd8 24. Ke3 Rab8 25. Rd1 Rb3 26. Rc3 Nxb2 27. Rxb3
Nxd1+ 28. Kf4 h6 29. e6 Bc4 30. Rb1 Bxe6 31. a6 Bc8 32. Bf1 g5+ 33. Ke5 Ne3 34.
Be2 Re8+ 35. Kd4 f5 36. Kxe3 Rxe4+ 37. Kf2 Ra4 38. Ne5 f4 39. g4 Ra2 40. Kf3
Bxa6 41. Bxa6 Rxa6 42. Rd1 Ra3+ 43. Ke4 Rxh3 44. Rd7+ Kb6 45. Rd6 Re3+ 46. Kf5
f3 47. Rxc6+ Kb5 48. Rc1 a5 49. Rf1 a4 50. Nxf3 a3 51. Nd4+ Kc4 52. Nc2 Rc3 53.
Nxa3+ Rxa3 54. Rc1+ Kd4 55. Rd1+ Ke3 56. Rd6 Kf3 57. Rxh6 Ra5+ 58. Kg6 Kxg4 59.
Rh1 Ra6+ 60. Kf7 Kf3 61. Rf1+ Kg2 62. Rf5 g4 63. Rf6 Rxf6+ 0-1

[Event "Titled Tue 24th Jun Late"]
[Site "chess.com INT"]
[Date "2025.06.24"]
[Round "6"]
[White "Karas, Marek"]
[Black "Skramstad, Oda Kofoed"]
[Result "1-0"]
[WhiteTitle "FM"]
[BlackTitle "WCM"]
[WhiteElo "2215"]
[BlackElo "1898"]
[WhiteFideId "14928558"]
[BlackFideId "1564862"]
[EventDate "2025.06.24"]

1. d4 Nf6 2. Bg5 d5 3. Bxf6 exf6 4. e3 Bd6 5. g3 O-O 6. Bg2 c6 7. Ne2 Bf5 8. Nd2
Nd7 9. O-O Re8 10. c4 dxc4 11. Nxc4 Bc7 12. Nc3 Nb6 13. Nxb6 Bxb6 14. Qd2 Qd7
15. Rac1 Rad8 16. Na4 Bc7 17. Nc5 Qc8 18. Qb4 Bb6 19. a4 Bxc5 20. Rxc5 Be4 21.
Rfc1 h6 22. Bxe4 Rxe4 23. Qb3 Qd7 24. Qc2 Rde8 25. b4 Qg4 26. Qd1 Qe6 27. Qd3
Qa2 28. Qc2 Qe6 29. b5 cxb5 30. axb5 Qb6 31. Rc8 Re7 32. Qc5 Rxc8 33. Qxc8+ Kh7
34. Qf5+ g6 35. Qd5 Rc7 36. Rc5 a5 37. bxa6 bxa6 38. Kg2 Qb7 39. Qxb7 Rxb7 40.
Rc6 a5 41. Ra6 Rb5 42. Rxf6 Kg7 43. Ra6 g5 44. g4 Rd5 45. h3 f6 46. Kf3 Kg6 47.
Ke4 Rb5 48. f4 gxf4 49. exf4 Rb3 50. h4 Rb5 51. h5+ Kf7 52. d5 Rb4+ 53. Kf5 Rb5
54. Ra7+ Kg8 55. Kg6 Kf8 56. Kxf6 Rb6+ 57. Ke5 Kg8 58. Rxa5 Rb4 59. d6 Rb7 60.
Ra8+ Kg7 61. Rc8 Rb4 62. d7 Rb5+ 63. Ke6 Rb6+ 64. Ke7 Rb7 65. Ke8 1-0

[Event "Titled Tue 24th Jun Late"]
[Site "chess.com INT"]
[Date "2025.06.24"]
[Round "6"]
[White "Kawka, Milena"]
[Black "Gogolev, Artem"]
[Result "0-1"]
[WhiteTitle "WCM"]
[BlackTitle "IM"]
[WhiteElo "2003"]
[BlackElo "2240"]
[WhiteFideId "21095167"]
[BlackFideId "4116615"]
[EventDate "2025.06.24"]

1. Nf3 d5 2. e3 Nf6 3. b3 e6 4. Bb2 a6 5. d4 Bd6 6. Bd3 c5 7. O-O Nc6 8. a3 O-O
9. Nbd2 b5 10. dxc5 Bxc5 11. c4 bxc4 12. bxc4 Bb7 13. Qe2 Qe7 14. cxd5 Nxd5 15.
Nc4 Rab8 16. Qc2 h6 17. Rac1 Rfc8 18. Qe2 Nf6 19. Rfd1 Ba7 20. h3 a5 21. Bc3 a4
22. Bc2 Ba6 23. Bd3 Bxc4 24. Bxc4 Qxa3 25. Bxf6 gxf6 26. Bb5 Ne7 27. Rxc8+ Rxc8
28. Rd7 Bc5 29. Nd4 Bxd4 30. exd4 Qc1+ 31. Kh2 Nd5 32. Qg4+ Qg5 33. Qxg5+ hxg5
34. Bxa4 Rc4 35. Bb3 Rxd4 36. Bxd5 Rxd5 37. Rc7 Kg7 38. Rb7 f5 39. Rc7 Kg6 40.
g3 Rd3 41. Kg2 f6 42. Rb7 e5 43. Rb6 e4 44. Kf1 f4 45. gxf4 gxf4 46. Rb5 Rxh3
47. Kg2 Rc3 48. Rb4 Kf5 49. Rb5+ Kg6 50. Rb4 f5 51. Rb6+ Kg5 52. Rb8 e3 53. Rg8+
Kf6 54. Rf8+ Ke7 55. Rxf5 e2 56. Re5+ Kf6 57. Re8 f3+ 58. Kg3 Rc1 59. Kxf3 e1=Q
60. Rxe1 Rxe1 61. Kg3 Re5 62. f4 Re4 63. Kg4 Rd4 64. Kf3 Kf5 65. Ke3 0-1

[Event "Titled Tue 24th Jun Late"]
[Site "chess.com INT"]
[Date "2025.06.24"]
[Round "6"]
[White "Livaic, Leon"]
[Black "Kramnik, Vladimir"]
[Result "1-0"]
[WhiteTitle "GM"]
[BlackTitle "GM"]
[WhiteElo "2550"]
[BlackElo "2753"]
[WhiteFideId "14531534"]
[BlackFideId "4101588"]
[EventDate "2025.06.24"]

1. d4 Nf6 2. c4 e6 3. Nf3 Bb4+ 4. Bd2 Bxd2+ 5. Qxd2 O-O 6. g3 d5 7. Bg2 Nbd7 8.
O-O c6 9. Rc1 Qe7 10. Qc2 b6 11. Nbd2 Bb7 12. e4 Nxe4 13. Nxe4 dxe4 14. Qxe4 Nf6
15. Qe2 c5 16. Rd1 Rad8 17. d5 Rd6 18. Bh3 Re8 19. dxe6 fxe6 20. Rxd6 Qxd6 21.
Rd1 Bxf3 22. Qxf3 Qc7 23. Qd3 e5 24. b3 Kf8 25. Qe3 e4 26. Bg2 Qe5 27. h3 Kf7
28. Kh2 Re7 29. Rd8 h5 30. Rd1 h4 31. Kg1 hxg3 32. fxg3 Kg6 33. Kh2 Qg5 34.
Qxg5+ Kxg5 35. Kg1 e3 36. Re1 Kf5 37. Kf1 g5 38. Ke2 Kg6 39. Bf3 Rh7 40. Rh1 Re7
41. Rd1 Kf5 42. Rd3 Rh7 43. Bg2 g4 44. h4 Re7 45. Rxe3 Rd7 46. Rd3 Re7+ 47. Kf2
Re6 48. Rd8 Ke5 49. Bf1 a5 50. Bd3 Re7 51. Bg6 Re6 52. h5 Ne4+ 53. Bxe4 Kxe4 54.
Rd5 Rf6+ 55. Kg2 Ke3 56. Rg5 Rf2+ 57. Kg1 Rxa2 58. Rxg4 Kf3 59. Rg6 Rb2 60. h6
Rb1+ 61. Kh2 Rb2+ 62. Kh3 1-0

[Event "Titled Tue 24th Jun Late"]
[Site "chess.com INT"]
[Date "2025.06.24"]
[Round "6"]
[White "Moeller, Maurin"]
[Black "Mikhalevski, Victor"]
[Result "1-0"]
[WhiteTitle "FM"]
[BlackTitle "GM"]
[WhiteElo "2336"]
[BlackElo "2492"]
[WhiteFideId "16265696"]
[BlackFideId "2801914"]
[EventDate "2025.06.24"]

1. Nf3 Nf6 2. c4 g6 3. e3 Bg7 4. Nc3 O-O 5. b3 d5 6. cxd5 Nxd5 7. Bb2 c5 8. Be2
Nc6 9. O-O b6 10. Qc1 Ndb4 11. Qb1 Bf5 12. e4 Bg4 13. a3 Bxf3 14. gxf3 Nd4 15.
axb4 cxb4 16. Bd1 bxc3 17. dxc3 Ne6 18. c4 Bd4 19. Ra2 Nf4 20. Bc1 Qd6 21. Kh1
Rfd8 22. Rg1 Nh3 23. Rf1 Nxf2+ 24. Kg2 Nxd1 25. Rxd1 e5 26. Bg5 f6 27. Bc1 Qe6
28. Ba3 Rd7 29. Rad2 Rad8 30. Qa2 f5 31. Qc2 Kg7 32. Bb4 a5 33. Bc3 h5 34. exf5
Qxf5 35. Qb2 Bxc3 36. Rxd7+ Rxd7 37. Rxd7+ Qxd7 38. Qxc3 Qd4 39. Qc2 Kf6 40. Qe2
g5 41. Qc2 e4 42. fxe4 Ke5 43. Kf3 g4+ 44. Kg3 Qxe4 45. Qb2+ Kf5 46. Qf2+ Kg6
47. Qxb6+ Kg5 48. Qxa5+ Kg6 49. Qb6+ Kg5 50. Qc5+ Kg6 51. Qd6+ Kg7 52. Qd7+ Kf6
53. Qd6+ Kg7 54. Qd5 Qe1+ 55. Kf4 Qc1+ 56. Kf5 Qc2+ 57. Kg5 Qxh2 58. Qd7+ Kf8
59. Qd8+ Kf7 60. Qd7+ Kf8 61. Kg6 Qc2+ 62. Kxh5 g3 63. Qd6+ Kf7 64. Qxg3 Qxb3
65. Qxb3 1-0

[Event "Titled Tue 24th Jun Late"]
[Site "chess.com INT"]
[Date "2025.06.24"]
[Round "6"]
[White "Slovineanu, Viacheslav"]
[Black "Rogov, Matfey"]
[Result "1-0"]
[WhiteTitle "IM"]
[BlackTitle "FM"]
[WhiteElo "2412"]
[BlackElo "2348"]
[WhiteFideId "13900510"]
[BlackFideId "44191308"]
[EventDate "2025.06.24"]

1. d4 d5 2. Nf3 Nc6 3. c4 Bg4 4. cxd5 Bxf3 5. gxf3 Qxd5 6. e3 e5 7. Nc3 Bb4 8.
Bd2 Bxc3 9. bxc3 Qd6 10. Rb1 b6 11. Rg1 g6 12. f4 exf4 13. e4 Nge7 14. Qf3 Rd8
15. Bxf4 Qe6 16. Bxc7 Rc8 17. Bf4 O-O 18. Bh3 f5 19. Kf1 Qxa2 20. Re1 Qc4+ 21.
Kg2 Qf7 22. Bh6 Rfe8 23. exf5 Nxf5 24. Bxf5 Rxe1 25. Rxe1 Qxf5 26. Qxf5 gxf5 27.
d5 Na5 28. Re7 Rd8 29. Rg7+ Kf8 30. Rxa7+ Ke8 31. Bg5 Rxd5 32. Re7+ Kf8 33. Rxh7
Rd3 34. h4 Nc4 35. h5 Ne5 36. Rc7 Nf3 37. Bf6 Ne1+ 38. Kf1 Nc2 39. h6 Rd1+ 40.
Ke2 Rh1 41. h7 f4 42. h8=Q+ Rxh8 43. Bxh8 Na3 44. Kf3 b5 45. Kxf4 Nc4 46. Bd4
Ke8 47. Rc5 Nb2 48. Rxb5 Nd3+ 49. Ke3 Ne1 50. Rg5 Kd7 51. f4 Ke6 52. f5+ Kf7 53.
Rg7+ Kf8 54. Ra7 Ng2+ 55. Ke4 Nh4 56. f6 Ng6 57. Kf5 Nh4+ 58. Ke6 Kg8 59. f7+
Kh7 60. f8=Q+ Kg6 61. Qg7+ Kh5 62. Ra5+ Nf5 63. Rxf5+ Kh4 64. Qg5+ Kh3 65. Rf3+
Kh2 66. Qg1# 1-0

[Event "Titled Tue 24th Jun Late"]
[Site "chess.com INT"]
[Date "2025.06.24"]
[Round "6"]
[White "Kozionov, Kirill"]
[Black "Brady, Tyson"]
[Result "0-1"]
[WhiteTitle "IM"]
[BlackTitle "CM"]
[WhiteElo "2442"]
[BlackElo "2170"]
[WhiteFideId "24101729"]
[BlackFideId "30970369"]
[EventDate "2025.06.24"]

1. d4 Nf6 2. c4 e6 3. Nc3 d5 4. Bf4 Be7 5. e3 O-O 6. Nf3 Nbd7 7. cxd5 exd5 8.
Bd3 c6 9. O-O Re8 10. h3 Nf8 11. Ne5 Ng6 12. Nxg6 hxg6 13. Ne2 Bf5 14. Bxf5 gxf5
15. Ng3 g6 16. h4 Kg7 17. h5 Rh8 18. h6+ Kg8 19. f3 Bd6 20. Bxd6 Qxd6 21. Kf2
Rxh6 22. Qb3 f4 23. Ne2 fxe3+ 24. Qxe3 Kg7 25. Rh1 Rah8 26. Rxh6 Rxh6 27. Qf4
Qxf4 28. Nxf4 Rh8 29. b4 g5 30. Nd3 Rh4 31. Ke3 Ne8 32. Ne5 Nd6 33. g4 f6 34.
Nd3 Nc4+ 35. Kf2 Rh2+ 36. Kg3 Rd2 37. Nc5 b6 38. Nb3 Rd3 39. Re1 Kf7 40. Rh1 Kg7
41. Re1 Re3 42. Rc1 Re2 43. Ra1 Ne3 44. Rc1 Nc4 45. Ra1 Kg6 46. Kh3 f5 47. gxf5+
Kxf5 48. Kg3 a5 49. bxa5 bxa5 50. Nc5 Rd2 51. Nb3 Rd3 52. Rb1 a4 53. Nc5 Rxf3+
54. Kxf3 Nd2+ 55. Ke3 Nxb1 56. Nxa4 g4 57. Nc5 Na3 58. Nd3 Nc2+ 59. Kf2 Nxd4 60.
a4 Nb3 61. Nb4 Na5 62. Ke3 Ke5 63. Nd3+ Kf5 64. Nc5 g3 65. Kf3 Ke5 66. Kxg3 Kd4
67. Ne6+ Ke3 68. Kg2 Nb3 69. Kf1 d4 70. Ke1 d3 71. Kd1 c5 72. a5 c4 73. a6 c3
74. Nd4 Kxd4 75. a7 c2+ 76. Ke1 c1=Q+ 77. Kf2 Qc8 78. a8=Q Qxa8 0-1

[Event "Titled Tue 24th Jun Late"]
[Site "chess.com INT"]
[Date "2025.06.24"]
[Round "6"]
[White "Thake, Conrad"]
[Black "Van Baar, Esper"]
[Result "0-1"]
[WhiteTitle "CM"]
[BlackTitle "FM"]
[WhiteElo "1873"]
[BlackElo "2232"]
[WhiteFideId "5602947"]
[BlackFideId "1049321"]
[EventDate "2025.06.24"]

1. e4 c5 2. Nf3 e6 3. c4 Nc6 4. Nc3 e5 5. Bd3 d6 6. O-O Nf6 7. a3 Nd4 8. Nxd4
cxd4 9. Nd5 Nxd5 10. cxd5 Be7 11. Bb5+ Bd7 12. Bxd7+ Qxd7 13. d3 O-O 14. f4 exf4
15. Bxf4 Bf6 16. Qf3 Be5 17. Bxe5 dxe5 18. Qf5 Qd6 19. Rac1 Rae8 20. h3 Qb6 21.
b4 a5 22. Rb1 axb4 23. Rxb4 Qa6 24. Rb3 Qh6 25. Qf3 Re7 26. Rfb1 Qa6 27. Kh2 Rc8
28. Qf2 Rc3 29. Qd2 Rec7 30. R1b2 h5 31. h4 Qf6 32. Qg5 Qxg5 33. hxg5 Kf8 34.
Kg3 Ke7 35. Kh4 g6 36. g4 hxg4 37. Kxg4 Kd7 38. Rxb7 Rxa3 39. R7b3 Rxb3 40. Rxb3
Kd6 41. Kf3 Rc2 42. Rb6+ Kc7 43. Rb3 Rc1 44. Kg3 Rg1+ 45. Kh4 Kd6 46. Ra3 Rc1
47. Rb3 Rc3 48. Rb6+ Kc7 49. Rf6 Rxd3 50. Rxf7+ Kd8 51. Rf6 Re3 52. Rxg6 d3 53.
Ra6 d2 54. Ra1 Re1 55. Ra8+ Kd7 56. Ra7+ Kd6 57. Ra6+ Kc5 58. Rc6+ Kd4 59. d6
d1=Q 60. d7 Rh1+ 61. Kg3 Qg1+ 62. Kf3 Rh3+ 63. Ke2 Re3+ 64. Kd2 Qe1+ 65. Kc2
Re2+ 66. Kb3 Qb1+ 67. Ka4 Ra2# 0-1

[Event "Titled Tue 24th Jun Late"]
[Site "chess.com INT"]
[Date "2025.06.24"]
[Round "6"]
[White "Chigaev, Maksim"]
[Black "Barseghyan, Armen Ar."]
[Result "0-1"]
[WhiteTitle "GM"]
[BlackTitle "IM"]
[WhiteElo "2635"]
[BlackElo "2348"]
[WhiteFideId "4108116"]
[BlackFideId "13306707"]
[EventDate "2025.06.24"]

1. Nf3 c5 2. b3 Nc6 3. c4 Nf6 4. Bb2 g6 5. g3 Bg7 6. Bg2 O-O 7. O-O d6 8. d4
cxd4 9. Nxd4 Bd7 10. Nc3 Qa5 11. e3 Rab8 12. a4 Rfc8 13. h3 a6 14. Kh2 Qd8 15.
Re1 Nxd4 16. exd4 b5 17. cxb5 axb5 18. a5 b4 19. Ne4 Nxe4 20. Bxe4 Bb5 21. a6 d5
22. Bd3 Bxd3 23. Qxd3 Qd7 24. Rec1 Qa7 25. Rxc8+ Rxc8 26. Kg2 h5 27. Ra4 Rb8 28.
Ra5 Qb6 29. Rxd5 e6 30. Rg5 Ra8 31. Bc1 Qc6+ 32. Qf3 Qxf3+ 33. Kxf3 Rxa6 34. Rb5
Bxd4 35. Rxb4 e5 36. Be3 Bxe3 37. Kxe3 Ra2 38. Rb8+ Kg7 39. b4 Rb2 40. b5 f5 41.
b6 Rb3+ 42. Ke2 g5 43. b7 e4 44. g4 fxg4 45. hxg4 h4 46. Re8 Rxb7 47. Rxe4 Rf7
48. Kf1 Rf3 49. Kg2 Ra3 50. Re6 Kf7 51. Re5 Kf6 52. Rf5+ Kg6 53. Rb5 Rc3 54.
Rb6+ Kg7 55. Rd6 Kf7 56. Rh6 Kg7 57. Ra6 Kf7 58. Rb6 Kg7 59. Re6 Kf7 60. Ra6 Kg7
61. Ra5 Kg6 62. f3 Rc2+ 63. Kh3 Rf2 64. Rf5 Kh6 65. f4 Rf3+ 66. Kg2 Rxf4 67.
Rxf4 gxf4 68. Kh2 Kg5 69. Kh3 f3 0-1

[Event "Titled Tue 24th Jun Late"]
[Site "chess.com INT"]
[Date "2025.06.24"]
[Round "6"]
[White "Ibarra Jerez, Jose Carlos"]
[Black "Manukyan, Sargis A."]
[Result "0-1"]
[WhiteTitle "GM"]
[BlackTitle "FM"]
[WhiteElo "2545"]
[BlackElo "2294"]
[WhiteFideId "2226332"]
[BlackFideId "13303970"]
[EventDate "2025.06.24"]

1. e4 c5 2. Nf3 d6 3. d4 cxd4 4. Nxd4 Nf6 5. Nc3 g6 6. Be3 Bg7 7. f3 O-O 8. Qd2
Nc6 9. O-O-O d5 10. Kb1 Nxd4 11. e5 Nf5 12. exf6 exf6 13. Nxd5 Be6 14. Bc5 Re8
15. Bb5 Qc8 16. Bxe8 Qxc5 17. Ba4 b5 18. Bb3 a5 19. Qc3 Qa7 20. Nxf6+ Kh8 21.
Bxe6 fxe6 22. g4 Ne3 23. Rd3 Nd5 24. Qc6 Nb4 25. Qxe6 Nxd3 26. cxd3 Qd4 27. g5
Qxd3+ 28. Ka1 Rd8 29. Rc1 Qd2 30. Qe1 Qxg5 31. Ne4 Qe5 32. Rc2 b4 33. Qc1 a4 34.
Kb1 h6 35. Rc8 Rxc8 36. Qxc8+ Kh7 37. Qc2 a3 38. h4 axb2 39. Qd3 Qh2 40. Nd2
Qxh4 41. Kc2 Qe1 42. Kb3 Qd1+ 43. Qc2 Qc1 44. Qd3 h5 45. Nb1 h4 46. Kxb4 h3 47.
f4 Qh1 48. f5 Qb7+ 49. Ka3 Qg2 50. fxg6+ Kh6 51. Qe3+ Kh5 52. Qc5+ Kxg6 53. Qd6+
Bf6 54. Qd3+ Kg5 55. Qe3+ Kg4 56. Qe6+ Kg5 57. Qg8+ Kf5 58. Qh7+ Kf4 59. Qc7+
Be5 60. Qf7+ Ke3 61. Qb3+ Kf2 62. Qb6+ Kf1 63. Qe3 h2 64. Nd2+ Qxd2 65. Qxd2
b1=Q 66. Qe3 h1=Q 67. Qxe5 Qa8+ 0-1

[Event "Titled Tue 24th Jun Late"]
[Site "chess.com INT"]
[Date "2025.06.24"]
[Round "6"]
[White "Ozen, Batuhan"]
[Black "Zhukovskyi, Oleksandr"]
[Result "1-0"]
[WhiteTitle "CM"]
[BlackTitle "CM"]
[WhiteElo "2128"]
[BlackElo "2145"]
[WhiteFideId "6345123"]
[BlackFideId "14169371"]
[EventDate "2025.06.24"]

1. d4 Nf6 2. Nf3 g6 3. g3 Bg7 4. Bg2 O-O 5. O-O d5 6. c4 c6 7. Nc3 dxc4 8. Ne5
Ng4 9. Nxg4 Bxg4 10. Be3 Nd7 11. Qc1 Nb6 12. Rd1 Qc7 13. Bh6 Rad8 14. Bxg7 Kxg7
15. Qg5 Bc8 16. h4 h6 17. Qa5 Bg4 18. Rd2 e5 19. e3 exd4 20. exd4 Rfe8 21. Rc1
Qb8 22. Na4 Nxa4 23. Qxa4 Be6 24. Qa5 Bd5 25. Bxd5 Rxd5 26. Qc3 b5 27. b3 Red8
28. bxc4 bxc4 29. Qxc4 c5 30. Rcd1 cxd4 31. Rxd4 Rxd4 32. Rxd4 Qb1+ 33. Kg2 Qb7+
34. Kh2 Re8 35. Rf4 Re7 36. Qc3+ Kh7 37. Rc4 Qb6 38. Rf4 Qc7 39. Qf3 Qd7 40. a4
Kg7 41. Qc3+ Kh7 42. Rd4 Qe6 43. Rd8 f6 44. Rd4 Qe5 45. Qd2 g5 46. hxg5 hxg5 47.
Rd7 Kg6 48. Rd8 Rh7+ 49. Kg1 Qa1+ 50. Qd1 Qxd1+ 51. Rxd1 Rb7 52. Rd4 Rb6 53. Kg2
Kf5 54. Kf3 Ke5 55. Re4+ Kd5 56. Re7 Rb3+ 57. Kg2 Rb6 58. Rxa7 Ke5 59. Ra5+ Ke6
60. g4 Rb3 61. f3 Ra3 62. Kg3 Kf7 63. Ra7+ Ke6 64. a5 Ke5 65. a6 Ke6 66. Ra8 Kf7
67. a7 Kg7 68. Kf2 1-0

[Event "Titled Tue 24th Jun Late"]
[Site "chess.com INT"]
[Date "2025.06.24"]
[Round "6"]
[White "Martinez, Shawn"]
[Black "Bold, Andre"]
[Result "0-1"]
[BlackTitle "CM"]
[WhiteElo "1921"]
[BlackElo "2235"]
[WhiteFideId "2039770"]
[BlackFideId "16208471"]
[EventDate "2025.06.24"]

1. e4 c5 2. Nc3 Nc6 3. Bb5 Nd4 4. Nf3 g6 5. O-O Bg7 6. Nxd4 Bxd4 7. Ne2 Bg7 8.
c3 a6 9. Ba4 b5 10. Bc2 c4 11. a4 Bb7 12. axb5 axb5 13. Rxa8 Qxa8 14. f3 Qa7+
15. Kh1 Nf6 16. d4 O-O 17. Be3 d5 18. e5 Nd7 19. f4 e6 20. g4 f5 21. Ng3 Qa2 22.
Bc1 Qa7 23. h4 b4 24. h5 b3 25. Bb1 Qa1 26. Bd2 Qxb2 27. hxg6 hxg6 28. gxf5 exf5
29. Rg1 Re8 30. Nf1 Nf8 31. Ne3 Kf7 32. Nxf5 Rd8 33. Nxg7 Kxg7 34. f5 Qa3 35.
Qh5 Kf7 36. fxg6+ Ke7 37. g7 Ne6 38. Bg5+ Nxg5 39. Qxg5+ Kd7 40. Bf5+ Kc7 41.
g8=Q Rxg8 42. Qxg8 b2 43. Qe6 Qf8 44. Rg8 b1=Q+ 45. Bxb1 Qf1+ 46. Rg1 Qf3+ 47.
Kh2 Qf2+ 48. Rg2 Qh4+ 49. Qh3 Qf4+ 50. Qg3 Qh6+ 51. Kg1 Qc1+ 52. Kh2 Qh6+ 53.
Qh3 Qf4+ 54. Kh1 Qc1+ 55. Rg1 Qf4 56. Qh7+ Kb6 57. Qf5 Qh4+ 58. Kg2 Ka5 59. Kf3
Qh2 60. Rg2 Qh1 61. Bc2 Qf1+ 62. Kg4 Qxg2+ 63. Kh5 Qh2+ 64. Kg6 Qg3+ 65. Kf6
Qxc3 66. e6 Qxd4+ 67. Qe5 Qxe5+ 68. Kxe5 Bc6 69. e7 Kb6 70. Bf5 Kc5 71. Ke6 d4
72. Be4 Be8 73. Ke5 d3 74. Kf4 Kd4 75. Kf3 c3 0-1

[Event "Titled Tue 24th Jun Late"]
[Site "chess.com INT"]
[Date "2025.06.24"]
[Round "6"]
[White "Alvarado, Carlos"]
[Black "Montano Vicente, Guadalupe"]
[Result "0-1"]
[WhiteTitle "CM"]
[WhiteElo "2032"]
[BlackElo "1938"]
[WhiteFideId "3800555"]
[BlackFideId "5181399"]
[EventDate "2025.06.24"]

1. Nf3 c5 2. b3 d5 3. Bb2 Nf6 4. e3 e6 5. Bb5+ Bd7 6. a4 Be7 7. O-O O-O 8. Ne5
a6 9. Nxd7 Nbxd7 10. Be2 e5 11. d3 Re8 12. a5 Bd6 13. Nd2 Nf8 14. e4 d4 15. g3
Ne6 16. Nc4 Bc7 17. Bc1 Nd7 18. Bd2 Qf6 19. Bg4 Ndf8 20. Kg2 g6 21. h4 h5 22.
Bh3 Rab8 23. Qe2 Ng7 24. f3 Nfe6 25. Rf2 Qe7 26. Raf1 Rf8 27. Be1 Rbe8 28. Qd2
f5 29. Qh6 Qf6 30. Bd2 f4 31. g4 Qf7 32. Kh2 Bd8 33. Rg2 Bxh4 34. Be1 Bg5 35.
Nxe5 Bxh6 36. Nxf7 Rxf7 37. gxh5 g5 38. Bg4 Nc7 39. c3 Rd8 40. c4 Re7 41. b4
Nce6 42. Rb2 Rc7 43. Rff2 cxb4 44. Rxb4 Nc5 45. Rd2 Ne8 46. Bf5 Kg7 47. Bg6 Kf6
48. Kg2 Ke5 49. Kf2 Nf6 50. Ke2 Nfd7 51. Rdb2 Rf8 52. Bd2 Rf6 53. Bc1 Rfc6 54.
Rc2 Kd6 55. Bb2 Ke5 56. Rc1 Rd6 57. Rd1 Nb8 58. Rc1 Nc6 59. Rb6 Nxa5 60. Rxd6
Kxd6 61. Bxd4 Nab3 62. e5+ Ke6 63. Bb2 Nxc1+ 64. Bxc1 Kxe5 65. Bb2+ Kd6 66. d4
Na4 67. Ba3+ Kc6 68. Be4+ Kb6 69. c5+ Kb5 70. Bd3+ Ka5 71. Bc1 Kb4 72. Bd2+ Kb3
73. Be4 Nc3+ 74. Kd3 Nxe4 75. fxe4 g4 76. e5 g3 77. Ke4 g2 78. d5 g1=Q 79. d6
Qg2+ 80. Kf5 Rxc5 81. Ke6 Qd5+ 82. Kd7 Qxe5 0-1

[Event "Titled Tue 24th Jun Late"]
[Site "chess.com INT"]
[Date "2025.06.24"]
[Round "6"]
[White "Mitrabha, Guha"]
[Black "Bluebaum, Matthias"]
[Result "1/2-1/2"]
[WhiteTitle "GM"]
[BlackTitle "GM"]
[WhiteElo "2515"]
[BlackElo "2663"]
[WhiteFideId "5057000"]
[BlackFideId "24651516"]
[EventDate "2025.06.24"]

1. Nf3 d5 2. c4 e6 3. g3 Nf6 4. Bg2 Bd6 5. O-O O-O 6. b3 Nc6 7. Bb2 d4 8. e3 e5
9. exd4 Nxd4 10. Nxd4 exd4 11. d3 c5 12. Nd2 Bg4 13. Qc2 Qd7 14. b4 Rae8 15.
bxc5 Bxc5 16. Rfe1 Rxe1+ 17. Rxe1 Re8 18. Rxe8+ Qxe8 19. Ne4 Nxe4 20. Bxe4 b6
21. Qd2 Bh3 22. Bg2 Bf5 23. h4 h6 24. Bd5 Qe5 25. a4 a5 26. Qd1 g6 27. Bc1 h5
28. Bf4 Qe8 29. Kg2 Kg7 30. Qd2 Qxa4 31. Qe2 Qd7 32. Qe5+ f6 33. Qb8 Be6 34. Be4
Bf7 35. Qa8 a4 36. Bc6 Qf5 37. Be4 Qd7 38. Bc6 Qf5 39. Qb7 g5 40. Bd5 Qg6 41.
hxg5 fxg5 42. Be5+ Kg8 43. Qa8+ Bf8 44. Be4 Qe6 45. Bxd4 a3 46. c5 bxc5 47. Bxc5
Qe8 48. Qxa3 h4 49. Bxf8 Qxf8 50. Qa5 Qe7 51. Qf5 Kg7 52. Qh7+ Kf8 53. Qh8+ Bg8
54. Qh6+ Qg7 55. Qxg7+ Kxg7 56. gxh4 gxh4 57. Kh3 Kf6 58. Kxh4 Bf7 59. f4 Be8
60. d4 Bf7 61. Kg3 Be6 62. Kf3 Bd7 63. Ke3 Be8 64. Kd3 Bf7 65. Kc3 Bg8 66. Kb4
Ba2 67. Kc5 Ke6 68. d5+ Bxd5 69. Bh7 Bf3 70. Kd4 Kf6 71. Ke3 Bc6 72. Be4 Bxe4
73. Kxe4 Ke6 74. f5+ Kf6 75. Kf4 Kf7 76. Ke5 Ke7 77. f6+ Kf7 78. Kf5 Kf8 79. Ke6
Ke8 80. f7+ Kf8 81. Kf6 1/2-1/2

[Event "Titled Tue 24th Jun Late"]
[Site "chess.com INT"]
[Date "2025.06.24"]
[Round "6"]
[White "Plat, Vojtech"]
[Black "Kalinin, Nikita An."]
[Result "1-0"]
[WhiteTitle "GM"]
[BlackTitle "FM"]
[WhiteElo "2497"]
[BlackElo "2336"]
[WhiteFideId "325740"]
[BlackFideId "34233512"]
[EventDate "2025.06.24"]

1. e4 c5 2. Nf3 g6 3. c3 d5 4. exd5 Qxd5 5. d4 Bg7 6. Nbd2 cxd4 7. Bc4 Qd8 8.
Qb3 Nh6 9. Ne4 O-O 10. Bxh6 Bxh6 11. Nxd4 e5 12. Nf3 Nc6 13. Rd1 Qe7 14. Bd5 Bg4
15. h3 Bxf3 16. gxf3 Rad8 17. h4 Bg7 18. h5 Qc7 19. hxg6 hxg6 20. Ng5 Rd7 21.
Ne6 Na5 22. Qb5 a6 23. Nxc7 axb5 24. Nxb5 Rfd8 25. Bb3 Rxd1+ 26. Bxd1 Nc4 27. b3
Nd6 28. Nxd6 Rxd6 29. Bc2 e4 30. Bxe4 Bxc3+ 31. Ke2 Rd2+ 32. Ke3 Rxa2 33. Bxb7
Ba5 34. Bd5 Bb6+ 35. Kd3 Kg7 36. Re1 Kf6 37. Rc1 Bxf2 38. Rc7 Kg5 39. Rxf7 Ra6
40. Be4 Rb6 41. Kc4 Bg1 42. b4 Bf2 43. b5 Rd6 44. Rg7 Rd4+ 45. Kb3 Rd6 46. Rc7
Bb6 47. Rc1 Kf6 48. Ra1 g5 49. Ra8 Ke5 50. Rf8 g4 51. Re8+ Kf4 52. fxg4 Kxg4 53.
Kc4 Kf4 54. Bc6 Rd4+ 55. Kc3 Rd6 56. Rb8 Ba7 57. Rb7 Bg1 58. Kb4 Ke5 59. Re7+
Kf6 60. Re2 Bb6 61. Ra2 Rd4+ 62. Kc3 Rg4 63. Ra6 Rg3+ 64. Kc4 Bg1 65. b6 Rg4+
66. Kc3 Rg3+ 67. Kc2 Rg8 68. b7 Rb8 69. Bd7+ Ke7 70. Bc8 Bh2 71. Kd3 Kd8 72. Rc6
Bc7 73. Kc4 Rxc8 74. bxc8=Q+ Kxc8 75. Rh6 Kb7 76. Kc5 Bb8 77. Rh7+ Ka8 78. Kb6
Bg3 79. Ra7+ Kb8 80. Rg7 Bf2+ 81. Kc6 Ka8 82. Rg8+ Ka7 83. Rg2 Be3 84. Re2 Bg1
85. Kc7 Ka8 86. Re8+ Ka7 87. Rg8 Bb6+ 88. Kc6 Bf2 89. Rg7+ Ka8 90. Kc7 Be3 91.
Re7 Bf4+ 92. Kc8 Bb8 93. Re8 Ba7 94. Kc7+ Bb8+ 95. Rxb8+ 1-0